000
00325nam a22001457a 4500
008
210308b ||||| |||| 00| 0 eng d
020
_a
0881679593
041
_a
eng
080
_a
61
082
_a
61
100
_a
3
101
_a
SHM
245
_a
Occupational Musculoskeletal Disorders
_c
Hadler, N. M
942
_2
udc
_c
BK
999
_c
55932
_d
55932